Urban groundwater-- meeting the challenge : (Record no. 329542)

000 -LEADER
fixed length control field 02140cam a2200433 a 4500
001 - CONTROL NUMBER
control field 14419817
003 - CONTROL NUMBER IDENTIFIER
control field NUST
005 - DATE AND TIME OF LATEST TRANSACTION
control field 20170512155557.0
008 - FIXED-LENGTH DATA ELEMENTS--GENERAL INFORMATION
fixed length control field 060619s2007 enka b 111 0 eng
010 ## - LIBRARY OF CONGRESS CONTROL NUMBER
LC control number 2006020269
015 ## - NATIONAL BIBLIOGRAPHY NUMBER
National bibliography number GBA709215
Source bnb
016 7# - NATIONAL BIBLIOGRAPHIC AGENCY CONTROL NUMBER
Record control number 013555808
Source Uk
020 ## - INTERNATIONAL STANDARD BOOK NUMBER
International Standard Book Number 0415407451
020 ## - INTERNATIONAL STANDARD BOOK NUMBER
International Standard Book Number 9780415407458
035 ## - SYSTEM CONTROL NUMBER
System control number (OCoLC)ocm70174911
035 ## - SYSTEM CONTROL NUMBER
System control number (OCoLC)70174911
Canceled/invalid control number (OCoLC)84654766
040 ## - CATALOGING SOURCE
Original cataloging agency DLC
Transcribing agency DLC
Modifying agency BAKER
-- BTCTA
-- YDXCP
-- BWKUK
-- UKM
-- IXA
-- BWK
-- DLC
050 00 - LIBRARY OF CONGRESS CALL NUMBER
Classification number TD201
Item number .I6574 2004
082 00 - DEWEY DECIMAL CLASSIFICATION NUMBER
Classification number 628.114091732 HOW
Edition number 22
111 2# - MAIN ENTRY--MEETING NAME
Meeting name or jurisdiction name as entry element International Geological Congress
Number of part/section/meeting (32nd :
Date of meeting 2004 :
Location of meeting Florence, Italy)
9 (RLIN) 640
245 10 - TITLE STATEMENT
Title Urban groundwater-- meeting the challenge :
Remainder of title selected papers from the 32nd International Geological Congress (IGC), Florence, Italy, August 2004 /
Statement of responsibility, etc. edited by Ken W.F. Howard.
260 ## - PUBLICATION, DISTRIBUTION, ETC.
Place of publication, distribution, etc. London ;
-- New York :
Name of publisher, distributor, etc. Taylor & Francis Group,
Date of publication, distribution, etc. c2007.
300 ## - PHYSICAL DESCRIPTION
Extent xv, 307 p. :
Other physical details ill. ;
Dimensions 25 cm.
490 1# - SERIES STATEMENT
Series statement Selected papers on hydrogeology ;
Volume/sequential designation 8
500 ## - GENERAL NOTE
General note "Matthias Eiswirth memorial volume."
504 ## - BIBLIOGRAPHY, ETC. NOTE
Bibliography, etc. note Includes bibliographical references and index.
650 #0 - SUBJECT ADDED ENTRY--TOPICAL TERM
Topical term or geographic name entry element Municipal water supply
Form subdivision Congresses.
9 (RLIN) 641
650 #0 - SUBJECT ADDED ENTRY--TOPICAL TERM
Topical term or geographic name entry element Groundwater recharge
Form subdivision Congresses.
9 (RLIN) 642
650 #0 - SUBJECT ADDED ENTRY--TOPICAL TERM
Topical term or geographic name entry element Wellhead protection
Form subdivision Congresses.
9 (RLIN) 643
650 #0 - SUBJECT ADDED ENTRY--TOPICAL TERM
Topical term or geographic name entry element Groundwater
General subdivision Pollution
Form subdivision Congresses.
9 (RLIN) 644
653 1# - INDEX TERM--UNCONTROLLED
Uncontrolled term Urban groundwater
700 1# - ADDED ENTRY--PERSONAL NAME
Personal name Howard, Ken W. F.
9 (RLIN) 645
700 1# - ADDED ENTRY--PERSONAL NAME
Personal name Eiswirth, Matthias.
9 (RLIN) 646
830 #0 - SERIES ADDED ENTRY--UNIFORM TITLE
Uniform title Hydrogeology (International Association of Hydrogeologists) ;
Volume/sequential designation v. 8.
9 (RLIN) 647
856 41 - ELECTRONIC LOCATION AND ACCESS
Materials specified Table of contents only
Uniform Resource Identifier <a href="http://www.loc.gov/catdir/toc/ecip0615/2006020269.html">http://www.loc.gov/catdir/toc/ecip0615/2006020269.html</a>
856 42 - ELECTRONIC LOCATION AND ACCESS
Materials specified Publisher description
Uniform Resource Identifier <a href="http://www.loc.gov/catdir/enhancements/fy0902/2006020269-d.html">http://www.loc.gov/catdir/enhancements/fy0902/2006020269-d.html</a>
856 42 - ELECTRONIC LOCATION AND ACCESS
Materials specified Contributor biographical information
Uniform Resource Identifier <a href="http://www.loc.gov/catdir/enhancements/fy1006/2006020269-b.html">http://www.loc.gov/catdir/enhancements/fy1006/2006020269-b.html</a>
906 ## - LOCAL DATA ELEMENT F, LDF (RLIN)
a 7
b cbc
c orignew
d 1
e ecip
f 20
g y-gencatlg
942 ## - ADDED ENTRY ELEMENTS (KOHA)
Source of classification or shelving scheme
Koha item type Book
Holdings
Withdrawn status Lost status Source of classification or shelving scheme Damaged status Not for loan Permanent Location Current Location Date acquired Total Checkouts Full call number Barcode Date last seen Price effective from Koha item type
          School of Civil and Environmental Engineering (SCEE) School of Civil and Environmental Engineering (SCEE) 05/12/2017   628.114091732 HOW NIT-7513 05/12/2017 05/12/2017 Book
© 2023 Central Library, National University of Sciences and Technology. All Rights Reserved.